| 000 | 00653nam a2200253Ia 4500 | ||
|---|---|---|---|
| 008 | 160803s9999 xx 000 0 und d | ||
| 020 | _a978-0062233004 | ||
| 100 | _aCronin, Doreen | ||
| 245 | _aDiary of a spider / | ||
| 245 | _cby Doreen Cronin ; pictures by Harry Bliss. | ||
| 260 | _aNew York : | ||
| 260 | _bScholastic Inc. | ||
| 260 | _c2005 | ||
| 300 | _a1 volume (unpaged) : | ||
| 300 | _bcolor illustrations ; | ||
| 300 | _c27 cm | ||
| 650 | _aDiaries -- | ||
| 650 | _aInsects -- | ||
| 650 | _aSpiders -- | ||
| 650 | _xJuvenile fiction. | ||
| 650 | _xJuvenile fiction. | ||
| 650 | _xJuvenile fiction. | ||
| 700 | _a510 | ||
| 999 |
_c298146 _d298146 |
||